| Tag |
First Indicator |
Second Indicator |
Subfields |
| LEADER |
00000cam a2200000 a 4500 |
| 001 |
in00001323035 |
| 005 |
20151005074107.0 |
| 008 |
951214s1996 njuac 001 0 eng |
| 010 |
|
|
|a 95052258
|
| 020 |
|
|
|a 0813523052 (cloth : alk. paper)
|
| 020 |
|
|
|a 0813523060 (pbk. : alk. paper)
|
| 035 |
|
|
|a (OCoLC)33968410
|
| 035 |
|
|
|9 AHC9179AM
|
| 040 |
|
|
|a DLC
|c DLC
|d C#P
|d TXA
|d UtOrBLW
|
| 043 |
|
|
|a n-us---
|
| 049 |
|
|
|a TXAM
|
| 050 |
0 |
0 |
|a E185.6
|b .T44 1996
|
| 082 |
0 |
0 |
|a 973/.0496073
|2 20
|
| 245 |
0 |
0 |
|a These "colored" United States :
|b African American essays from the 1920s /
|c edited by Tom Lutz and Susanna Ashton.
|
| 264 |
|
1 |
|a New Brunswick, N.J. :
|b Rutgers University Press,
|c [1996]
|
| 264 |
|
4 |
|c ©1996
|
| 300 |
|
|
|a ix, 304 pages :
|b illustrations, portraits ;
|c 25 cm.
|
| 336 |
|
|
|a text
|b txt
|2 rdacontent
|
| 337 |
|
|
|a unmediated
|b n
|2 rdamedia
|
| 338 |
|
|
|a volume
|b nc
|2 rdacarrier
|
| 504 |
|
|
|a Includes index.
|
| 650 |
|
0 |
|a African Americans
|x Social conditions
|y To 1964.
|
| 700 |
1 |
|
|a Lutz, Tom.
|
| 700 |
1 |
|
|a Ashton, Susanna,
|d 1967-
|
| 999 |
|
|
|a MARS
|
| 999 |
f |
f |
|s 06e968d2-b63f-3f63-a81e-88cf8224fcd9
|i 480211b2-3fd9-3521-98a9-c70eee787b6f
|t 0
|
| 952 |
f |
f |
|p ric
|a Texas A&M University
|b Rellis Campus
|c Joint Library Facility
|d Remote Storage
|t 0
|e E185.6 .T44 1996
|h Library of Congress classification
|i unmediated -- volume
|m A14820441859
|
| 998 |
f |
f |
|a E185.6 .T44 1996
|t 0
|l Remote Storage
|